Pupil transportation: State and local programs /

Bibliographic Details
Main Author: Featherston, E. Glenn, 1900-
Other Authors: Culp, D. P.
Format: Book
Language:English
Published: New York : Harper & Row, [1965]
Series:Exploration series in education.
Subjects:

MARC

Tag First Indicator Second Indicator Subfields
LEADER 00000cam a2200000 4500
001 in00000054521
005 20151008052042.0
008 711222s1965 nyu b 00000 eng u
010 |a  65011134  
035 |a (OCoLC)00186360 
035 |9 AAH1424AM 
040 |c WSU  |d TXA  |d UtOrBLW 
049 |a TXAM  |c [414948] 
050 0 |a LB2864  |b .F36 
092 |a 371.872  |b F288p, 1965 
100 1 |a Featherston, E. Glenn,  |d 1900- 
245 1 0 |a Pupil transportation: State and local programs /  |c [by] E. Glenn Featherston [and] D. P. Culp. 
264 1 |a New York :  |b Harper & Row,  |c [1965] 
300 |a xi, 263 pages 
336 |a text  |b txt  |2 rdacontent 
337 |a unmediated  |b n  |2 rdamedia 
338 |a volume  |b nc  |2 rdacarrier 
490 1 |a Exploration series in education 
504 |a Includes bibliographies. 
650 0 |a School children  |x Transportation. 
700 1 |a Culp, D. P. 
830 0 |a Exploration series in education. 
999 |a MARS 
999 f f |s c8e3d81c-a76b-3f05-8524-eea27c5ec5d7  |i 98cecb25-f84d-3300-9c3b-137f556b60eb  |t 0 
952 f f |p normal  |a Texas A&M University  |b College Station  |c Sterling C. Evans Library  |d Evans: Library Stacks  |t 0  |e LB2864 .F36  |h Library of Congress classification  |i unmediated -- volume  |m A14800846445 
998 f f |a LB2864 .F36  |t 0  |l Evans: Library Stacks